000 00815nam a2200193Ii 4500
003 JO-AjNU
008 230605s9999||||xx |||||||||||||| ||und||
040 _aJO-AjNU
_bara
_erda
_cJO-AjNU
041 _aara
050 1 4 _aHM267 .F3 1980
100 3 _aتأليف، دياب، فوزية,
_eauthor
_914125
245 0 0 _aالقيم والعادات الاجتماعية مع بحث ميداني لبعض العادات الاجتماعية
264 3 1 _aبيروت: دار النهضة العربية، 1980
300 _a380ص
_bيحتوي على ببلوغرافية و مسر مصطلحات من 363-380ص
336 _atext
_btxt
_2rdacontent
337 _aunmediated
_bn
_2rdamedia
338 _avolume
_bnc
_2rdacarrier
650 4 _aالعادات والتقاليد - مصر - عادات اجتماعية
_914126
999 _aA3693
_c7261
_d7261